<?xml version="1.0" encoding="UTF-8"?>
<collection xmlns="http://www.loc.gov/MARC21/slim">
 <record>
  <leader>02375nam a2200409   4500</leader>
  <controlfield tag="001">DLU060056162</controlfield>
  <controlfield tag="005">##20061103</controlfield>
  <controlfield tag="008">##011213s2002    ctu      b    001 0 eng  </controlfield>
  <datafield tag="010" ind1="#" ind2="#">
   <subfield code="a">  2001050824</subfield>
  </datafield>
  <datafield tag="020" ind1="#" ind2="#">
   <subfield code="a">1565491440 (pbk. : alk. paper)</subfield>
  </datafield>
  <datafield tag="020" ind1="#" ind2="#">
   <subfield code="a">1565491459 (cloth : alk. paper)</subfield>
  </datafield>
  <datafield tag="040" ind1="#" ind2="#">
   <subfield code="a">DLC</subfield>
   <subfield code="c">DLC</subfield>
   <subfield code="d">DLC</subfield>
  </datafield>
  <datafield tag="042" ind1="#" ind2="#">
   <subfield code="a">pcc</subfield>
  </datafield>
  <datafield tag="043" ind1="#" ind2="#">
   <subfield code="a">cl-----</subfield>
  </datafield>
  <datafield tag="050" ind1="#" ind2="#">
   <subfield code="a">HC125</subfield>
   <subfield code="b">.S689 2002</subfield>
  </datafield>
  <datafield tag="082" ind1="#" ind2="#">
   <subfield code="a">338.98</subfield>
   <subfield code="b">Spa</subfield>
  </datafield>
  <datafield tag="245" ind1="#" ind2="#">
   <subfield code="a">The spaces of neoliberalism :</subfield>
   <subfield code="b">land, place and family in Latin America /</subfield>
   <subfield code="c">edited by Jacquelyn Chase.</subfield>
  </datafield>
  <datafield tag="260" ind1="#" ind2="#">
   <subfield code="a">Bloomfield, CT :</subfield>
   <subfield code="b">Kumarian Press,</subfield>
   <subfield code="c">2002</subfield>
  </datafield>
  <datafield tag="300" ind1="#" ind2="#">
   <subfield code="a">ix, 250 p. ;</subfield>
   <subfield code="c">23 cm</subfield>
  </datafield>
  <datafield tag="504" ind1="#" ind2="#">
   <subfield code="a">Includes bibliographical references and index.</subfield>
  </datafield>
  <datafield tag="505" ind1="#" ind2="#">
   <subfield code="a">Machine generated contents note: Agrarian and Territorial Rights -- 2 Agrarian Reform and the Neoliberal Counter-Reform in -- Latin America -- Crist6bal Kay -- 3 Individual Versus Collective Land Rights: Tensions Between -- Women's and Indigenous Rights Under Neoliberalism -- Carmen Diana Deere and Magdalena Leon -- 4 Beyond Indigenous Land Titling: Democratizing Civil Society in -- the Peruvian Amazon -- S0ren Hvalkof -- Private Lives and Neoliberalism -- 5 Privatization and Private Lives: Gender, Reproduction, and -- Neoliberal Reforms in a Brazilian Company Town -- Jacquelyn Chase -- 6 Women and Globalization: Lessons from the Dominican Republic -- Helen I.Safa -- On the Edge of Neoliberalism -- 7 Neither Duck Nor Rabbit: Sustainability, Political Economy, --  and the Dialectics of Economy -- Stephen Gudeman and Alberto Rivera-Gutierrez -- 8 The Restructuring of Labor Markets,-International Migration, -- and Household Economies in Urban Mexico -- Agustin Escobar Latapi and Mercedes Gonzdlez de la Rocha -- 9 Space, Power, and Representation in Yucatan -- Oriol Pi-Sunyer -- Contributors -- Index.</subfield>
  </datafield>
  <datafield tag="650" ind1="#" ind2="#">
   <subfield code="a">Land reform</subfield>
   <subfield code="z">Latin America.</subfield>
  </datafield>
  <datafield tag="650" ind1="#" ind2="#">
   <subfield code="a">Privatization</subfield>
   <subfield code="z">Latin America.</subfield>
  </datafield>
  <datafield tag="651" ind1="#" ind2="#">
   <subfield code="a">Latin America</subfield>
   <subfield code="x">Economic conditions</subfield>
   <subfield code="y">1982-</subfield>
  </datafield>
  <datafield tag="651" ind1="#" ind2="#">
   <subfield code="a">Latin America</subfield>
   <subfield code="x">Economic policy.</subfield>
  </datafield>
  <datafield tag="700" ind1="#" ind2="#">
   <subfield code="a">Chase, Jacquelyn,</subfield>
   <subfield code="d">1956-</subfield>
  </datafield>
  <datafield tag="856" ind1="#" ind2="#">
   <subfield code="3">Table of contents</subfield>
   <subfield code="u">http://www.loc.gov/catdir/toc/fy02/2001050824.html</subfield>
  </datafield>
  <datafield tag="923" ind1="#" ind2="#">
   <subfield code="a">25/2006</subfield>
  </datafield>
  <datafield tag="992" ind1="#" ind2="#">
   <subfield code="a">13.000</subfield>
  </datafield>
  <datafield tag="994" ind1="#" ind2="#">
   <subfield code="a">DLU</subfield>
  </datafield>
  <datafield tag="900" ind1="#" ind2="#">
   <subfield code="a">True</subfield>
  </datafield>
  <datafield tag="911" ind1="#" ind2="#">
   <subfield code="a">Đào Thị Thu Huyền</subfield>
  </datafield>
  <datafield tag="925" ind1="#" ind2="#">
   <subfield code="a">G</subfield>
  </datafield>
  <datafield tag="926" ind1="#" ind2="#">
   <subfield code="a">A</subfield>
  </datafield>
  <datafield tag="927" ind1="#" ind2="#">
   <subfield code="a">SH</subfield>
  </datafield>
  <datafield tag="980" ind1="#" ind2="#">
   <subfield code="a">Thư viện Trường Đại học Đà Lạt</subfield>
  </datafield>
 </record>
</collection>
